The magellanic clouds (Record no. 10158)

MARC details
000 -LEADER
fixed length control field 00986nam a2200253Ia 4500
003 - CONTROL NUMBER IDENTIFIER
control field IN-BaIIA
008 - FIXED-LENGTH DATA ELEMENTS--GENERAL INFORMATION
fixed length control field 211028s9999 xx 000 0 eng d
020 ## - INTERNATIONAL STANDARD BOOK NUMBER
International Standard Book Number 0-7923-1111-6
040 ## - CATALOGING SOURCE
Transcribing agency IIA Library
080 ## - UNIVERSAL DECIMAL CLASSIFICATION NUMBER
Universal Decimal Classification number 082.2:52
Item number IAU-S148
111 ## - MAIN ENTRY--MEETING NAME
Meeting name or jurisdiction name as entry element Symposium of the International Astronomical Union
Location of meeting Australia
Date of meeting or treaty signing 1990 July 9-13
9 (RLIN) 17218
245 #4 - TITLE STATEMENT
Title The magellanic clouds
Remainder of title proceedings of the 148th Symposium of the International Astronomical Union held in Sydney Australia, July 9-13, 1990.
Statement of responsibility, etc. edited by R. Haynes and D. Miln
260 ## - PUBLICATION, DISTRIBUTION, ETC.
Place of publication, distribution, etc. Dordrecht
Name of publisher, distributor, etc. Kluwer Academic
Date of publication, distribution, etc. 1991
300 ## - PHYSICAL DESCRIPTION
Extent xix, 503p.
490 ## - SERIES STATEMENT
Series statement IAU Symposium; no.148
650 ## - SUBJECT ADDED ENTRY--TOPICAL TERM
Topical term or geographic name entry element Astronomy and Astrophysics Thesaurus
650 ## - SUBJECT ADDED ENTRY--TOPICAL TERM
Topical term or geographic name entry element Galaxies
9 (RLIN) 1286
650 ## - SUBJECT ADDED ENTRY--TOPICAL TERM
Topical term or geographic name entry element Magellanic clouds
9 (RLIN) 4110
650 ## - SUBJECT ADDED ENTRY--TOPICAL TERM
Topical term or geographic name entry element Nearby galaxies
9 (RLIN) 10757
700 ## - ADDED ENTRY--PERSONAL NAME
Personal name Haynes, R., ed.
9 (RLIN) 17219
700 ## - ADDED ENTRY--PERSONAL NAME
Personal name Miln, D., ed.
9 (RLIN) 17220
710 ## - ADDED ENTRY--CORPORATE NAME
Corporate name or jurisdiction name as entry element International Astronomical Union
942 ## - ADDED ENTRY ELEMENTS (KOHA)
Koha item type Books
Holdings
Withdrawn status Lost status Damaged status Not for loan Home library Current library Shelving location Date acquired Total Checkouts Full call number Barcode Date last seen Price effective from Koha item type
        IIA Library-Bangalore IIA Library-Bangalore General Stacks 20/04/1994   082.2:52/ IAU-S148 11068 05/11/2021 20/04/1994 Books

Powered by Koha